Score 0/26 Timer 06:00
0 Plays Today
Item / Description Missing Words A-Z % Correct
Possibly bogus 'Lock of hair' from ___, 'King of Rock & Roll'Elvis
94.4%
Actress Marilyn ___'s 1962 'Happy Birthday Mr. President' dressMonroe
93.1%
___ da Vinci's circa 1510 'Codex Hammer'**Leonardo
91.5%
1477 First edition of 'The Canterbury ___' by Geoffrey ChaucerTales
87.7%
'Screaming Eagle Cabernet Sauvignon 1992' bottle of ___Wine
86.3%
'Apple Computer's 1976 founding documents' signed by Steven P. ___Jobs
85.5%
Pablo ___'s 'Nude, Green Leaves and Bust', 1932Picasso
84.8%
1933 U.S. 'Double Eagle $20 ___ Coin'Gold
83.8%
World Dairy Expo Champion 'Missy', a Holstein ___Cow
82.9%
1836 '20-inch Bowie ___' carried by Sam Houston in the Battle of San JacintoKnife
82%
John and ___'s 1969 'Bed-In for Peace' posterYoko
81.2%
1986 Prototype 'Legend of ___' Nintendo cartridgeZelda
80.6%
Kanye West self-designed '___ Air Yeezy 2' sneakersNike
73.6%
Item / Description Missing Words A-Z % Correct
1945 '___ of Albert Einstein's skull'X-Rays
71.1%
'___ Doll' by Stefano CanturiBarbie
67.8%
Deep-blue 1722 Bavarian 'Wittelsbach ___'**Diamond
66.9%
1957 '___ 250 Testa Rossa'Ferrari
64.5%
250-year-old 'Guarneri del Gesù' ___Violin
63.2%
1805 '___ Jack' from the Battle of TrafalgarUnion
59.5%
'Breal's Silver Cup', given to the 1896 ___ marathon winnerOlympic
57.9%
1999 photo of a major European river '___ II' by German artist Andreas GurskyRhein
55.6%
'Midfielder Sardar Singh', at the 2012 field hockey player auction held in ___India
54.6%
A copy of the '___' from Mesopotamia circa 1203Qur'an
52.3%
1909 Tobacco Co. 'T206 ___ Wagner', Pittsburgh Pirates' shortstopHonus
45.7%
'___ Comics No. 1' featuring Superman's debut (10¢ in 1938)Action
35.2%
2000-year-old Bronze figure of 'Artemis and the ___'Stag
12.3%

Today's Daily Dose

Remove Ads.
Support Sporcle.
Get the best of Sporcle when you Go Orange. This ad-free experience offers more features, more stats, and more fun while also helping to support Sporcle. Thank you for becoming a member.

You're not logged in!

Compare scores with friends on all Sporcle quizzes.
OR
Log In

Show Comments

Extras

Top Quizzes Today


Score Distribution

Your Account Isn't Verified!

In order to create a playlist on Sporcle, you need to verify the email address you used during registration. Go to your Sporcle Settings to finish the process.

Report this User

Report this user for behavior that violates our Community Guidelines.

Details: